00569pam a2200157 a 4500020001500000040000800015082002600023245004900049260005000098300003400148500011200182650001400294700002500308700002400333710005400357 a093976587X cDLC00a515 JAN 1996 A023 Or.00aContemporary calculus through applications / aDedham, Mass. :bJanson Publications,cc1996. axiv, 512 p. :bill. ;c25 cm. a"The Department of Mathematics and Computer Science, the North Carolina School of Science and Mathematics." 0aCalculus.1 aBartkovich, Kevin G.1 aBarrett, Gloria B.,2 aNorth Carolina School of Science and Mathematics.